000 00403nam a22001817a 4500
003 UA-OsUOA
001 4889
007 ta
008 20050721b un ||||| |||| 00| 0 ukr d
100 _aGude
700 _aKathy and Duckworth
700 _aM.
942 _cBK
040 _aUA-OsUOA
_cUA-OsUOA
_dUA-OsUOA
245 _aMasterclass. Proficiency. S/B.
_bEnglish Practice
955 _a2
650 7 _2UDC
999 _c291051
_d291051